Library Banner

قیام بنگلہ دیش کے مضمرات (Record no. 67542)

MARC details
000 -LEADER
fixed length control field 00393nam a22001337a 4500
005 - DATE AND TIME OF LATEST TRANSACTION
control field 20150305152754.0
008 - FIXED-LENGTH DATA ELEMENTS--GENERAL INFORMATION
fixed length control field 150305b xxu||||| |||| 00| 0 eng d
040 ## - CATALOGING SOURCE
Transcribing agency PK-LaUMT
082 ## - DEWEY DECIMAL CLASSIFICATION NUMBER
Classification number KHC 954.92
Item number QIY-
245 ## - TITLE STATEMENT
Title قیام بنگلہ دیش کے مضمرات
Statement of responsibility, etc فضل حق قریشی (مرتبھ
260 ## - PUBLICATION, DISTRIBUTION, ETC. (IMPRINT)
Place of publication, distribution, etc کراچی
Name of publisher, distributor, etc اقصی کتاب گھر
Date of publication, distribution, etc 1987
300 ## - PHYSICAL DESCRIPTION
Extent 176 ص
942 ## - ADDED ENTRY ELEMENTS (KOHA)
Koha item type Books
Holdings
Withdrawn status Lost status Damaged status Home library Current library Date acquired Full call number Barcode Date last seen Price effective from Koha item type
      UMT Main Campus UMT Main Campus 2015-03-05 KHC 954.92 QIY- 70902 2015-03-05 2015-03-05 Books